01417nab a22002537a 4500999001500000003000400015005001700019008004100036040000700077100004300084245011400127260007300241300001300314500007300327505036700400505008900767650003500856650002600891650002100917650004200938650003000980773014001010942001301150 c6329d6329OSt20260130204657.0190603e xxum|||| |||| 00| 0 spa d cPJ 94994aFerreira Morais, Ignacio Enrique10aPosesión en edificios inteligentes : b¿el nacimiento del "corpus digital"? /cIgnacio E. Ferreira Morais. cCiudad Autónoma de Buenos Aires :aThomson Reuters La Ley, b2025. ap. 45-49 aCita: TR LALEY AR/DOC/2275/2025 Publicado en: RCCyC 2025 (Octubre). aSumario: I. Introducción.— II. Aproximación al concepto de posesión en el marco normativo argentino.— III. Edificios inteligentes.— IV. Revisión crítica: ¿puede haber "corpus digital"?— V. Desafíos probatorios en entornos tecnológicos.— VI. Acciones posesorias y uso tecnológico.— VII. Reflexiones de lo tratado.— VIII. Corolario.  t¿Te interesa el texto completo? Solicitalo al correo: koha@justierradelfuego.gov.ar 091497aCODIGO CIVIL Y COMERCIAL 091821aDERECHOS REALES 092289aPOSESIÓN 093404aMEDIOS DE PRUEBA ELECTRÓNICOS 092318aACCIONES POSESORIAS0 0271393170dCiudad Autónoma de Buenos Aires : Thomson Reuters La Ley, 2015-tRevista Código Civil y Comercial. Nº 5 - Octubre 2025 2udccANA